000 00275nam a2200121Ia 4500
008 190216s9999||||xx |||||||||||||| ||und||
100 _aNishanth Singh
245 0 _aHindi-Prathibha Pateel
260 _bJaswanthi Prakashan
300 _a144
650 _aHindi
942 _cBK
999 _c16594
_d16594